Pays les plus proches de la Turquie A-Z - Statistiques

Statistiques générales
  • Ce quiz a été pris 118 fois
  • Le résultat moyen est 18 sur 24
Statistiques - réponses
Lettre Pays % Correct
G Géorgie / Grèce
91%
I Iran / Irak
91%
A Arménie
90%
Q Qatar
87%
J Jordanie
85%
Y Yemen
85%
B Bulgarie
84%
R Russie
82%
C Chypre
81%
F France
81%
S Syrie
81%
U Ukraine
81%
H Hongrie
79%
Z Zambie
79%
O Ouzbékistan
78%
L Liban
76%
D Danemark
75%
T Turkménistan
73%
K Kosovo
70%
V Vatican
68%
E Egypte
67%
M Macédoine du Nord
63%
P Pologne
56%
N Niger
40%
Aucun quiz correspondant
Distribution des résultats
% des personnes avec chaque résultat
Percentile par nombre de réponses
Votre historique - résultats
Vous n’avez pas pris ce quiz